[Event "66th ch-RUS HL"]
[Site "Yekaterinburg RUS"]
[Date "2013.06.24"]
[Round "5.5"]
[White "Matlakov,M"]
[Black "Motylev,A"]
[Result "1/2-1/2"]
[WhiteElo "2665"]
[BlackElo "2655"]

1.d4 d5 2.c4 c6 3.Nc3 Nf6 4.e3 e6 5.Nf3 Nbd7 6.Qc2 Bd6 7.Bd3 O-O 8.O-O e5
9.cxd5 cxd5 10.Nb5 Bb8 11.dxe5 Nxe5 12.Nxe5 Bxe5 13.Bd2 a6 14.Bc3 Bxc3 15.Nxc3 d4
16.exd4 Qxd4 17.Rad1 Qb6 18.Ne4 Nxe4 19.Bxe4 h6 20.Qc3 Be6 21.b3 a5 22.Bb1 Rfd8
23.Qc2 Rxd1 24.Rxd1 Rd8 25.Re1 Qb4 26.Qh7+ Kf8 27.Rf1 Qc3 28.h3 a4 29.Bf5 Bxf5
30.Qxf5 axb3 31.axb3 Qxb3 32.Kh2 Qd3 33.Qa5 Qd5 34.Qa7 b5 35.Rb1 Qd6+ 36.g3 b4
37.Rb3 Qd4 38.Qa2 Kg8 39.Qe2 g6 40.Qe1 Rb8 41.Kg1 Kg7 42.Qb1 h5 43.Rd3 Qe5
44.Re3 Qf5 45.Qb3 Qf6 46.Kg2 Qd6 47.h4 Rb5 48.Kg1 Rb7 49.Re4 Qd2 50.Rf4 Qc1+
51.Kh2 Qc5 52.Kg1 Qc3 53.Qd5 Re7 54.Kg2 Re6 55.Qb5 Qc6+  1/2-1/2

[Event "66th ch-RUS HL"]
[Site "Yekaterinburg RUS"]
[Date "2013.06.27"]
[Round "7.5"]
[White "Motylev,A"]
[Black "Riazantsev,A"]
[Result "1-0"]
[WhiteElo "2655"]
[BlackElo "2708"]

1.e4 c6 2.d4 d5 3.e5 Bf5 4.Nf3 e6 5.Be2 Ne7 6.c3 h6 7.O-O Bg6 8.Nbd2 Nd7
9.b4 Nf5 10.a4 Be7 11.g4 Nh4 12.Nxh4 Bxh4 13.f4 f5 14.Bd3 O-O 15.Kh1 Be7
16.Rg1 a5 17.bxa5 Kh8 18.Nf1 Qe8 19.Ra2 Qf7 20.h3 Bh7 21.Rag2 g6 22.a6 bxa6
23.a5 c5 24.Qa4 c4 25.gxf5 gxf5 26.Bxc4 Nxe5 27.fxe5 f4 28.Rg7 Be4+ 29.Kh2 Qh5
30.Nd2 Bf5 31.Bf1 Bg5 32.Rb7 Rg8 33.Qd7 f3 34.Rg4 Rad8 35.Qf7 Qxf7 36.Rxf7 Bxg4
37.hxg4 Rgf8 38.Rxf8+ Rxf8 39.Nb3 Bxc1 40.Nxc1 Rb8 41.Nd3 Rb1 42.Kg1 Ra1
43.Nc5 Rxa5 44.Nxa6 Kg7 45.Nc7 Kf7 46.Kf2 Ra1 47.c4 Rd1 48.cxd5 exd5 49.e6+ Ke7
50.Nxd5+ Kxe6 51.Nf4+ Kd6 52.Bd3 Ra1 53.Kxf3 Rd1 54.Ke3 Rg1 55.Be2 Ra1 56.Ke4 Ra8
57.Bc4 Ra5 58.Nh5 Ra4 59.Bf7 Ra7 60.Bc4 Ra4 61.Be2 Ke6 62.Bb5 Rb4 63.Nf4+ Kd6
64.Be8 Rb8 65.Bf7 Rb7 66.Be6 Rb4 67.Bf5 Rb2 68.Bg6 Ra2 69.Nh5 Re2+ 70.Kf3 Rd2
71.Ng3 Ke6 72.Nf5 Kf6 73.Bh5 Ke6 74.Ke4  1-0

[Event "66th ch-RUS HL"]
[Site "Yekaterinburg RUS"]
[Date "2013.06.28"]
[Round "8.2"]
[White "Motylev,A"]
[Black "Nepomniachtchi,I"]
[Result "1/2-1/2"]
[WhiteElo "2655"]
[BlackElo "2717"]

1.e4 c5 2.Nf3 d6 3.d4 cxd4 4.Nxd4 Nf6 5.Nc3 a6 6.h3 e5 7.Nde2 h5 8.Bg5 Be6
9.g3 Nbd7 10.Bg2 Be7 11.a4 Rc8 12.O-O Nh7 13.Be3 h4 14.g4 O-O 15.Qd2 Rc6
16.Rac1 Bg5 17.f4 exf4 18.Nxf4 Re8 19.b3 Qa5 20.Nce2 Qxd2 21.Bxd2 Rcc8 22.Bb4 Nc5
23.Rcd1 Nf6 24.Nc3 b6 25.Rxd6 a5 26.Bxc5 Rxc5 27.Nce2 Bc8 28.c4 Nxe4 29.Rxb6 Rce5
30.Rb5 Bd7 31.Rxe5 Rxe5 32.Rd1 Nc5 33.Kf2 Re8 34.Rd5 Be7 35.Rd1 Rb8 36.Nd4 Bd6
37.Nfe2 Bc7 38.Nc1 Bg3+ 39.Kf1 Re8 40.Nde2 Bb8  1/2-1/2

[Event "66th ch-RUS HL"]
[Site "Yekaterinburg RUS"]
[Date "2013.06.29"]
[Round "9.1"]
[White "Inarkiev,E"]
[Black "Motylev,A"]
[Result "1/2-1/2"]
[WhiteElo "2680"]
[BlackElo "2655"]

1.e4 e5 2.Nf3 Nf6 3.d4 Nxe4 4.Bd3 d5 5.Nxe5 Nd7 6.Nxd7 Bxd7 7.O-O Bd6 8.c4 c6
9.cxd5 cxd5 10.Nc3 Nxc3 11.bxc3 O-O 12.Qh5 g6 13.Qxd5 Qc7 14.Qf3 Qxc3 15.Bh6 Rfe8
16.Qf6 Bf8 17.Bxf8 Rxf8 18.Be4 Bc6 19.Rac1 Qb4 20.Bxc6 bxc6 21.Rxc6 Rad8
22.Rd1 Qa4 23.Rd2 Qb4 24.Rd1 Qa4 25.Rd2 Qb4 26.Rd1  1/2-1/2

[Event "Chinese Teams 2013"]
[Site "Wuxi CHN"]
[Date "2013.08.04"]
[Round "9.6"]
[White "Motylev,A"]
[Black "Ji Dan"]
[Result "0-1"]
[WhiteElo "2663"]
[BlackElo "2374"]

1.e4 c5 2.Nf3 d6 3.d4 cxd4 4.Nxd4 Nf6 5.Nc3 a6 6.h3 e5 7.Nb3 Be6 8.Be3 Nbd7
9.g4 h6 10.Qd2 Rc8 11.O-O-O Qc7 12.Kb1 Be7 13.f4 Nb6 14.Qg2 exf4 15.Bxf4 Nfd7
16.Nd4 Ne5 17.Nf5 Bf8 18.Qd2 Rd8 19.Qd4 g6 20.Bb5+ axb5 21.Nxb5 Qc4 22.Bxe5 Qxa2+
23.Kc1 Qa1+ 24.Kd2 Qa5+ 25.Kc1 Nc4 26.b3 dxe5 27.Qxd8+ Qxd8 28.Rxd8+ Kxd8
29.Rd1+ Kc8  0-1

[Event "14th Karpov GM"]
[Site "Poikovsky RUS"]
[Date "2013.08.28"]
[Round "1.5"]
[White "Motylev,A"]
[Black "Onischuk,Al"]
[Result "1/2-1/2"]
[WhiteElo "2663"]
[BlackElo "2667"]

1.e4 e5 2.Nf3 Nc6 3.Bb5 a6 4.Ba4 Nf6 5.O-O Be7 6.d3 d6 7.c3 O-O 8.Nbd2 b5
9.Bc2 Re8 10.Re1 Bf8 11.Nf1 Ne7 12.a4 Rb8 13.axb5 axb5 14.d4 Ng6 15.d5 Bd7
16.b4 Ra8 17.Bg5 Be7 18.Bxf6 Bxf6 19.g3 Rxa1 20.Qxa1 Qa8 21.N3d2 Qb7 22.Nb3 Ne7
23.Na5  1/2-1/2

[Event "14th Karpov GM"]
[Site "Poikovsky RUS"]
[Date "2013.08.29"]
[Round "2.5"]
[White "Bologan,V"]
[Black "Motylev,A"]
[Result "0-1"]
[WhiteElo "2672"]
[BlackElo "2663"]

1.d4 d5 2.c4 c6 3.Nf3 Nf6 4.e3 Bf5 5.Nc3 e6 6.Nh4 Bg6 7.Qb3 Qc7 8.Nxg6 hxg6
9.g3 Nbd7 10.Bg2 Be7 11.O-O O-O 12.Bd2 Nb6 13.c5 Nc4 14.Be1 b6 15.Na4 bxc5
16.dxc5 Nd7 17.Qc2 f5 18.Rc1 Nce5 19.f3 g5 20.Qe2 Qb7 21.b4 a5 22.bxa5 Qa6
23.Qxa6 Rxa6 24.Bd2 Nc4 25.Rxc4 dxc4 26.Nb6 Rd8 27.Nxc4 Bxc5 28.Rc1 f4 29.Kf1 fxe3
30.Nxe3 Bxe3 31.Bxe3 Rxa5 32.Bh3 Re8 33.Rxc6 Nf8 34.a4 Rxa4 35.Bxg5 Ra2 36.Rc1 Rxh2
37.Bg2 Nh7 38.Be3 Rh5 39.g4 Ra5 40.Kf2 Nf6 41.Bf1 Rf8 42.Bb6 Ra3 43.Kg2 Nd7
44.Bd4 Rfxf3 45.Rc7 Rg3+ 46.Kh1 Rxg4 47.Rxd7 Rf3 48.Bg2 Rfg3  0-1

[Event "14th Karpov GM"]
[Site "Poikovsky RUS"]
[Date "2013.08.30"]
[Round "3.2"]
[White "Motylev,A"]
[Black "Inarkiev,E"]
[Result "1/2-1/2"]
[WhiteElo "2663"]
[BlackElo "2693"]

1.e4 e5 2.Nf3 Nc6 3.Bb5 Nf6 4.d3 Bc5 5.Bxc6 dxc6 6.Nc3 Qe7 7.Be3 Bb4 8.h3 Bxc3+
9.bxc3 Nd7 10.O-O Nf8 11.Qb1 a5 12.Qb2 f6 13.Nh4 b6 14.f4 exf4 15.Bxf4 Ng6
16.Bg3 Nxh4 17.Bxh4 O-O 18.Rae1 Qe6 19.c4 c5 20.Re3 Bd7 21.Rg3 Kh8 22.Rgf3 Rae8
23.Bg3 Qc6 24.Be5 Kg8 25.Bc3 Rf7 26.Qc1 Ref8 27.Qf4 Be6 28.Qg3 Kh8 29.Qh4 Kg8
30.Qg3 Kh8 31.Rf4 Qe8 32.Rh4 Rd7 33.Rhf4 Rdf7 34.Qf2 Kg8 35.a3 Qe7 36.Qg3 c6
37.Rb1 Qd8 38.Rf2 a4 39.Bd2 Rd7 40.Be3 Kh8 41.Rff1 Ra7 42.Rb2 h6 43.Qh4 Qc7
44.Bf4 Qd8 45.Be3 Qc7 46.Bf4  1/2-1/2

[Event "14th Karpov GM"]
[Site "Poikovsky RUS"]
[Date "2013.09.01"]
[Round "4.1"]
[White "Jakovenko,D"]
[Black "Motylev,A"]
[Result "1/2-1/2"]
[WhiteElo "2724"]
[BlackElo "2663"]

1.e4 c6 2.d4 d5 3.f3 Qb6 4.c3 e5 5.Qe2 exd4 6.exd5+ Kd8 7.cxd4 Nf6 8.Nc3 Bd6
9.Qc2 Re8+ 10.Nge2 h6 11.Kf2 cxd5 12.Be3 Nc6 13.Qd2 Bd7 14.Rc1 Rc8 15.Na4  1/2-1/2

[Event "14th Karpov GM"]
[Site "Poikovsky RUS"]
[Date "2013.09.03"]
[Round "6.1"]
[White "Motylev,A"]
[Black "Eljanov,P"]
[Result "1-0"]
[WhiteElo "2663"]
[BlackElo "2702"]

1.e4 e5 2.Nf3 Nc6 3.Bb5 a6 4.Ba4 Nf6 5.O-O Be7 6.d3 b5 7.Bb3 d6 8.a3 Bg4
9.Be3 d5 10.h3 Bh5 11.Nbd2 O-O 12.Re1 d4 13.Bg5 h6 14.Bxf6 Bxf6 15.Bd5 Qe8
16.Bxc6 Qxc6 17.Nxe5 Bxe5 18.Qxh5 Qxc2 19.Nf3 f6 20.Nh4 c5 21.f4 Bc7 22.Nf5 Rf7
23.Rf1 Raf8 24.Rf3 Kh7 25.Raf1 Qd2 26.e5 Bxe5 27.R3f2 Qxd3 28.fxe5 fxe5 29.Rf3 Qd2
30.Nxh6 Rxf3 31.Nf7+ Qh6 32.Qxf3  1-0

[Event "14th Karpov GM"]
[Site "Poikovsky RUS"]
[Date "2013.09.04"]
[Round "7.1"]
[White "Cheparinov,I"]
[Black "Motylev,A"]
[Result "1/2-1/2"]
[WhiteElo "2678"]
[BlackElo "2663"]

1.d4 d5 2.c4 c6 3.Nf3 Nf6 4.e3 Bf5 5.Nc3 e6 6.Nh4 Bg6 7.Qb3 Qc7 8.Nxg6 hxg6
9.g3 Nbd7 10.Bg2 Be7 11.O-O O-O 12.cxd5 exd5 13.f3 Qb6 14.Rd1 a5 15.Qxb6 Nxb6
16.a4 Ne8 17.b3 Nc7 18.h4 Na6 19.Bb2 Nb4 20.Rd2 f5 21.Ne2 g5 22.hxg5 Bxg5
23.Kf2 Kf7 24.Nf4 Be7 25.Rh1 Rh8 26.Rxh8  1/2-1/2

[Event "14th Karpov GM"]
[Site "Poikovsky RUS"]
[Date "2013.09.05"]
[Round "8.3"]
[White "Motylev,A"]
[Black "Laznicka,V"]
[Result "1/2-1/2"]
[WhiteElo "2663"]
[BlackElo "2677"]

1.e4 c6 2.d4 d5 3.e5 Bf5 4.Nf3 e6 5.Be2 c5 6.Be3 Qb6 7.Nc3 Nc6 8.O-O Qxb2
9.Qe1 cxd4 10.Bxd4 Nxd4 11.Nxd4 Bb4 12.Rb1 Bxc3 13.Rxb2 Bxe1 14.Rxe1 b6 15.g4 Bg6
16.Bb5+ Kf8 17.Ba6 h5 18.h3 Ne7 19.Rb3  1/2-1/2

[Event "14th Karpov GM"]
[Site "Poikovsky RUS"]
[Date "2013.09.06"]
[Round "9.2"]
[White "Nepomniachtchi,I"]
[Black "Motylev,A"]
[Result "1/2-1/2"]
[WhiteElo "2723"]
[BlackElo "2663"]

1.c4 Nf6 2.Nf3 c6 3.Nc3 d5 4.e3 e6 5.b3 Bd6 6.Bb2 O-O 7.Qc2 e5 8.cxd5 cxd5
9.Nb5 Nc6 10.Nxd6 Qxd6 11.Rc1 Bg4 12.h3 Bh5 13.a3 Bg6 14.Qc5 Qe6 15.Qb5 Rab8
16.Qa4 a6 17.Be2 d4 18.Qc4 Nd5 19.Nh4 Na5 20.Qa4 Nc6 21.Qc4 Na5 22.Qa4 Nc6
23.Qc4  1/2-1/2

[Event "66th ch-RUS 2013"]
[Site "Nizhny Novgorod RUS"]
[Date "2013.10.05"]
[Round "1.5"]
[White "Motylev,A"]
[Black "Inarkiev,E"]
[Result "0-1"]
[WhiteElo "2676"]
[BlackElo "2695"]

1.e4 e5 2.Nf3 Nc6 3.Bb5 Nf6 4.d3 d6 5.O-O Bd7 6.c3 g6 7.Re1 Bg7 8.Nbd2 O-O
9.Ba4 Re8 10.Nf1 h6 11.Ng3 d5 12.h3 b6 13.Bb3 Be6 14.Ba4 Bd7 15.Bb3 dxe4
16.dxe4 Qe7 17.Qe2 a5 18.a4 Nd8 19.Be3 Nb7 20.Qc2 Red8 21.Bc4 Nd6 22.Bf1 Bc6
23.Nd2 Nh7 24.b4 Nf8 25.Nb3 axb4 26.a5 bxc3 27.Qxc3 Bxe4 28.axb6 Rxa1 29.Rxa1 cxb6
30.Bxb6 Rc8 31.Qb4 Bc2 32.Bc5 Bxb3 33.Bxd6 Qe6 34.Ra7 Bc4 35.Re7 Qd5 36.Bxc4 Rxc4
37.Qb8 Qd1+ 38.Kh2 Rc1 39.Ne4 Qh1+ 40.Kg3 Rg1  0-1

[Event "66th ch-RUS 2013"]
[Site "Nizhny Novgorod RUS"]
[Date "2013.10.06"]
[Round "2.2"]
[White "Vitiugov,N"]
[Black "Motylev,A"]
[Result "1-0"]
[WhiteElo "2729"]
[BlackElo "2676"]

1.d4 d5 2.c4 c6 3.Nf3 Nf6 4.e3 Bf5 5.Nc3 e6 6.Nh4 Bg6 7.Nxg6 hxg6 8.Bd3 Nbd7
9.Bd2 Bd6 10.h3 Qe7 11.Qb3 Rb8 12.Qc2 a6 13.a3 e5 14.dxe5 Nxe5 15.cxd5 cxd5
16.Ne2 O-O 17.Bc3 Rbc8 18.Rd1 Rfd8 19.O-O Bb8 20.Qb1 Nc4 21.g3 Ne4 22.Bxe4 Qxe4
23.Qxe4 dxe4 24.Rxd8+ Rxd8 25.Rc1 Be5 26.Bxe5 Nxe5 27.Nd4 Nf3+ 28.Nxf3 exf3
29.g4 Rd2 30.b4 Ra2 31.Rc8+ Kh7 32.Rc7 f6 33.g5 f5 34.Rxb7 Rxa3 35.Kh2 a5
36.b5 Rb3 37.Kg3 a4 38.Kxf3 a3 39.b6 a2 40.Ra7 Rxb6 41.Rxa2 Rb1 42.Kg2 Kg8
43.Ra8+ Kf7 44.Ra7+ Kf8 45.Ra4 Re1 46.Ra3 Rb1 47.Ra4 Re1 48.h4 Rb1 49.f3 Rb3
50.Kf2 Kf7 51.Ra7+ Kf8 52.Ra5 Kg8 53.Re5 Rb1 54.Kg2 Kf7 55.h5 gxh5 56.Rxf5+ Kg6
57.Re5 h4 58.Re7 Rb3 59.f4 Kh5 60.Kf3 Rb1 61.Rxg7 Rf1+ 62.Ke2 Ra1 63.Kf3 Rf1+
64.Ke2 Ra1 65.g6 Rh1 66.f5 Kg5 67.Rf7 Rg1 68.g7 Kh6 69.f6  1-0

[Event "66th ch-RUS 2013"]
[Site "Nizhny Novgorod RUS"]
[Date "2013.10.07"]
[Round "3.5"]
[White "Motylev,A"]
[Black "Karjakin,Sergey"]
[Result "1/2-1/2"]
[WhiteElo "2676"]
[BlackElo "2762"]

1.e4 e5 2.Nf3 Nc6 3.Nc3 Nf6 4.Bb5 Nd4 5.Bc4 Bc5 6.Nxe5 Qe7 7.Nf3 d5 8.Bxd5 Bg4
9.d3 O-O-O 10.Be3 Nxd5 11.Nxd5 Rxd5 12.exd5 Re8 13.c3 Nxf3+ 14.gxf3 Qh4 15.Kd2 Rxe3
16.fxe3 Qf2+ 17.Kc1 Bxf3 18.Qe1 Bxe3+ 19.Kb1 Bxh1 20.Qxh1 Qe2 21.a4 Qxd3+
22.Ka2 Qc4+ 23.Kb1 Qd3+ 24.Ka2 Qc4+ 25.Kb1  1/2-1/2

[Event "66th ch-RUS 2013"]
[Site "Nizhny Novgorod RUS"]
[Date "2013.10.08"]
[Round "4.4"]
[White "Nepomniachtchi,I"]
[Black "Motylev,A"]
[Result "1/2-1/2"]
[WhiteElo "2702"]
[BlackElo "2676"]

1.c4 Nf6 2.Nf3 c6 3.Nc3 d5 4.e3 e6 5.b3 Bd6 6.Bb2 O-O 7.Be2 b6 8.Qc2 Bb7
9.cxd5 exd5 10.O-O Re8 11.a3 Nbd7 12.b4 c5 13.bxc5 bxc5 14.d4 c4 15.Nd2 Rc8
16.Bf3 Ne4 17.g3 Ndf6 18.Bg2 Qe7 19.Rfe1 Nxd2 20.Qxd2 Ne4 21.Nxe4 dxe4 22.Bf1 Bd5
23.Rec1 Qc7 24.Bc3 Rb8 25.Bb4 Rec8 26.Bh3 Re8 27.Rc2 g6 28.Bf1 Rec8 29.Bxd6 Qxd6
30.Qa5 Rb6 31.Rac1 Rbc6 32.Rc3 h5 33.h4 Qe6 34.Bh3 f5 35.Bf1 Ra6 36.Qb4 Rac6
37.a4 Rb6 38.Qa5 Ra6 39.Qb5 Rb6 40.Qa5 Ra6 41.Qb4 Rb6 42.Qa5  1/2-1/2

[Event "66th ch-RUS 2013"]
[Site "Nizhny Novgorod RUS"]
[Date "2013.10.09"]
[Round "5.2"]
[White "Motylev,A"]
[Black "Kramnik,V"]
[Result "0-1"]
[WhiteElo "2676"]
[BlackElo "2796"]

1.e4 e5 2.Nf3 Nc6 3.Bb5 Nf6 4.d3 Bc5 5.Nc3 O-O 6.Bxc6 dxc6 7.Bg5 Qd6 8.Qd2 a5
9.h3 Re8 10.Nh4 a4 11.a3 b5 12.O-O Nh5 13.Ne2 Bb6 14.g4 h6 15.Be3 Nf4 16.Nxf4 exf4
17.Bxf4 Qf6 18.Nf5 Qxb2 19.Kh2 h5 20.Rab1 Qxa3 21.Rg1 Bxf5 22.gxf5 Bd4 23.Bh6 Qd6+
24.Kh1 Kf8 25.Bf4 Qc5 26.Be3 a3 27.Bxd4 Qxd4 28.c3 Qf6 29.f3 Red8 30.d4 c5
31.d5 c6 32.Qe3 cxd5 33.Qxc5+ Kg8 34.Qe3 a2 35.Ra1 dxe4 36.fxe4 Ra3 37.Rg3 h4
38.Rf3 b4 39.Qc5 Rxc3 40.Rxc3 Qxc3  0-1

[Event "66th ch-RUS 2013"]
[Site "Nizhny Novgorod RUS"]
[Date "2013.10.11"]
[Round "6.3"]
[White "Svidler,P"]
[Black "Motylev,A"]
[Result "1-0"]
[WhiteElo "2740"]
[BlackElo "2676"]

1.d4 d5 2.c4 c6 3.Nc3 Nf6 4.Nf3 e6 5.Bg5 h6 6.Bxf6 Qxf6 7.e3 g6 8.Be2 Bg7
9.O-O O-O 10.e4 Rd8 11.e5 Qe7 12.c5 b6 13.b4 a5 14.a3 Ba6 15.Qc2 Qb7 16.Rfc1 Nd7
17.h4 Ra7 18.g3 Rda8 19.Rab1 axb4 20.axb4 Bxe2 21.Nxe2 Ra2 22.Qd1 R2a3 23.Nf4 R8a4
24.Kg2 Qa8 25.Ne2 Ra7 26.Qc2 Ra2 27.Qd3 Bf8 28.Qd1 Rb7 29.Nc3 Raa7 30.Qc2 Ra3
31.Rb2 Nb8 32.Ne1 Nd7 33.Nd3 h5 34.Rcb1 Rba7 35.Rb3 Rxb3 36.Rxb3 Ra1 37.Nf4 bxc5
38.bxc5 Qa6 39.Qd3 Qxd3 40.Nxd3 Ra7 41.Nb4 Rb7 42.Rb1 f6 43.f4 fxe5 44.fxe5 Rc7
45.Ra1 Nb8 46.Ra8 Rb7 47.Na6 Nxa6 48.Rxa6 Rb2+ 49.Kf1 Bh6 50.Rxc6 Be3 51.Rxe6 Bxd4
52.c6 Rf2+ 53.Ke1 Rf5 54.Re8+ Kf7 55.c7 Bxc3+ 56.Ke2  1-0

[Event "66th ch-RUS 2013"]
[Site "Nizhny Novgorod RUS"]
[Date "2013.10.12"]
[Round "7.4"]
[White "Motylev,A"]
[Black "Andreikin,D"]
[Result "1/2-1/2"]
[WhiteElo "2676"]
[BlackElo "2706"]

1.e4 c5 2.Nf3 e6 3.d4 cxd4 4.Nxd4 a6 5.Bd3 Bc5 6.Nb3 Ba7 7.O-O Ne7 8.Qe2 Nbc6
9.c4 O-O 10.Nc3 d6 11.Be3 e5 12.Bxa7 Rxa7 13.Rfd1 Be6 14.Qe3 b6 15.Bf1 Qb8
16.Rd2 Rd8 17.Rad1 Rb7 18.Nd5 a5 19.Nc3 Ra7 20.Nb5 Rad7 21.Na1 f5 22.exf5 Nxf5
23.Qe4 Nb4 24.Nc2 Na6 25.Qe1 Nc5 26.Ne3 Ne7 27.f3 Kh8 28.Nc3 Nc6 29.Nb5 Ne7
30.Nc3 Nc6 31.Nb5 Ne7 32.Nc3  1/2-1/2

[Event "29th ECC Open 2013"]
[Site "Rhodes GRE"]
[Date "2013.10.20"]
[Round "1.5"]
[White "Harakis,A"]
[Black "Motylev,A"]
[Result "0-1"]
[WhiteElo "2239"]
[BlackElo "2676"]

1.d4 d6 2.c4 e5 3.Nf3 e4 4.Ng1 Nf6 5.Nc3 h6 6.e3 c6 7.f4 d5 8.Qb3 Be7 9.Bd2 O-O
10.Nh3 c5 11.O-O-O dxc4 12.Bxc4 cxd4 13.exd4 Nc6 14.Ne2 Bg4 15.Bc3 Qc8 16.Kb1 a6
17.d5 Na5 18.Bxa5 b5 19.d6 bxc4 20.Qe3 Bd8 21.Bc3 Qb7 22.Nd4 Nd5 23.Qg3 Bxd1
24.Rxd1 Bh4  0-1

[Event "29th ECC Open 2013"]
[Site "Rhodes GRE"]
[Date "2013.10.21"]
[Round "2.5"]
[White "Motylev,A"]
[Black "Bjerre,Ta"]
[Result "1-0"]
[WhiteElo "2676"]
[BlackElo "2019"]

1.e4 c5 2.Nf3 e6 3.d4 cxd4 4.Nxd4 Nc6 5.Nc3 Qc7 6.Be3 a6 7.Qd2 Nf6 8.O-O-O Be7
9.f3 h5 10.Nxc6 bxc6 11.Bf4 e5 12.Bg5 d6 13.Bc4 Be6 14.Bxe6 fxe6 15.f4 exf4
16.Bxf4 e5 17.Bg5 Rd8 18.Qe2 a5 19.Rhf1 Ng4 20.h4 Rb8 21.Qc4 Bxg5+ 22.hxg5 Qd7
23.Rxd6 Qxd6 24.Qf7+ Kd8 25.Rd1 Qxd1+ 26.Nxd1  1-0

[Event "29th ECC Open 2013"]
[Site "Rhodes GRE"]
[Date "2013.10.24"]
[Round "5.2"]
[White "Abasov,N"]
[Black "Motylev,A"]
[Result "1/2-1/2"]
[WhiteElo "2505"]
[BlackElo "2676"]

1.d4 d5 2.c4 c6 3.cxd5 cxd5 4.Nc3 Nf6 5.Nf3 Nc6 6.Bf4 Nh5 7.Bd2 e6 8.e3 Nf6
9.Bd3 Bd6 10.O-O O-O 11.Rc1 Bd7 12.Re1 Rc8 13.h3 a6 14.a3 h6 15.e4 dxe4 16.Nxe4 Nxe4
17.Bxe4 Re8 18.d5 exd5 19.Bxd5 Rxe1+ 20.Bxe1 Be8 21.Rc3 Qc7 22.Rd3 Ne5 23.Nxe5 Bxe5
24.Bc3 Bxc3 25.Rxc3 Qb8 26.Re3 Bc6 27.g3 Rd8 28.Rd3 Rxd5 29.Rxd5 Bxd5 30.Qxd5 Qc7
31.Kg2 g6 32.h4 h5 33.b4 Kg7 34.Qd4+ Kg8 35.Qd5 Kg7 36.Qd4+ Kg8  1/2-1/2

[Event "29th ECC Open 2013"]
[Site "Rhodes GRE"]
[Date "2013.10.25"]
[Round "6.2"]
[White "Motylev,A"]
[Black "Sonntag,HH"]
[Result "1-0"]
[WhiteElo "2676"]
[BlackElo "2377"]

1.e4 e5 2.Nf3 Nc6 3.Bb5 a6 4.Ba4 Nf6 5.O-O Be7 6.d3 b5 7.Bb3 d6 8.a3 O-O
9.Nc3 Na5 10.Ba2 c5 11.Bg5 Be6 12.Bxf6 Bxf6 13.Nd5 g6 14.c3 Nc6 15.Qd2 a5
16.a4 b4 17.Bc4 Rb8 18.Rfe1 Bg7 19.Rad1 Bg4 20.Qe2 Bd7 21.Bb5 Ne7 22.Bxd7 Qxd7
23.Nxe7+ Qxe7 24.Nd2 bxc3 25.bxc3 Rb2 26.Rb1 Rfb8 27.Rxb2 Rxb2 28.Qd1 Qd7
29.Nc4 Ra2 30.Nb6 Qe6 31.Qb1 Ra3 32.Nd5 Qe8 33.Qb5 Qxb5 34.axb5 Rb3 35.b6 a4
36.Kf1 Bh6 37.Ra1 a3 38.Rxa3 Rxa3 39.b7 Rb3 40.Nb4 cxb4 41.b8=Q+ Kg7 42.cxb4  1-0

[Event "Bundesliga 2013-14"]
[Site "Hockenheim GER"]
[Date "2013.12.14"]
[Round "5"]
[White "Lenic,L"]
[Black "Motylev,A"]
[Result "1/2-1/2"]
[WhiteElo "2634"]
[BlackElo "2676"]

1.d4 d5 2.c4 c6 3.e3 Nf6 4.Nc3 e6 5.Nf3 Nbd7 6.Qc2 Bd6 7.Bd3 O-O 8.O-O e5
9.cxd5 cxd5 10.e4 exd4 11.Nxd5 Nxd5 12.exd5 h6 13.Nxd4 Qh4 14.Nf3 Qh5 15.Bh7+ Kh8
16.Qf5 Qxf5 17.Bxf5 Nf6 18.Bxc8 Rfxc8 19.Rd1 Rd8 20.Be3 Bf8 21.d6 Bxd6 22.Rac1 Kg8
23.h3 Be7 24.Rxd8+  1/2-1/2

[Event "Bundesliga 2013-14"]
[Site "Hockenheim GER"]
[Date "2013.12.15"]
[Round "6"]
[White "Motylev,A"]
[Black "Naiditsch,A"]
[Result "1-0"]
[WhiteElo "2676"]
[BlackElo "2724"]

1.e4 c5 2.Nf3 Nc6 3.Nc3 g6 4.d4 cxd4 5.Nxd4 Bg7 6.Be3 Nf6 7.Bc4 Qa5 8.O-O O-O
9.Bb3 d6 10.h3 Bd7 11.f4 Rfc8 12.Nf3 Be8 13.Qe1 Nd7 14.f5 Nde5 15.Nxe5 Nxe5
16.Qh4 Rxc3 17.bxc3 Qxc3 18.Bg5 gxf5 19.exf5 a5 20.a4 Nc6 21.f6 h6 22.Bxh6 Bxf6
23.Qg4+ Kh7 24.Bf4 Nd4 25.Bd5 Qc5 26.Be4+ Kh8 27.Be3 Bg7 28.Rad1 e5 29.Kh1 d5
30.Qh5+ Kg8 31.Qh7+ Kf8 32.Bh6 dxe4 33.Qxg7+ Ke7 34.Qf8+  1-0

[Event "Chinese Teams 2013"]
[Site "Tianjin CHN"]
[Date "2013.12.21"]
[Round "19.1"]
[White "Motylev,A"]
[Black "Li Shilong"]
[Result "1-0"]
[WhiteElo "2645"]
[BlackElo "2523"]

1.e4 c5 2.Nf3 e6 3.d4 cxd4 4.Nxd4 a6 5.Bd3 Bc5 6.Nb3 Be7 7.Qg4 g6 8.Qe2 d6
9.a4 Nc6 10.a5 Ne5 11.Be3 Bd7 12.N1d2 Nf6 13.f4 Nxd3+ 14.cxd3 O-O 15.O-O Bb5
16.Nd4 Qd7 17.N2f3 Rfe8 18.Qc2 Bd8 19.h3 Nh5 20.g4 Nf6 21.f5 exf5 22.gxf5 Nh5
23.Nh2 Bf6 24.Ng4 Bg7 25.f6 Bf8 26.Qd2 Kh8 27.Bh6 b6 28.Bxf8 Rxf8 29.Qh6 d5
30.Nf3 Qc7 31.Ng5  1-0

[Event "Chinese Teams 2013"]
[Site "Tianjin CHN"]
[Date "2013.12.22"]
[Round "20.6"]
[White "Ji Dan"]
[Black "Motylev,A"]
[Result "1/2-1/2"]
[WhiteElo "2384"]
[BlackElo "2645"]

1.e4 c5 2.Nf3 Nc6 3.c3 Nf6 4.e5 Nd5 5.d4 cxd4 6.cxd4 d6 7.Be2 g6 8.O-O Bg7
9.exd6 Qxd6 10.Nc3 O-O 11.Re1 Bf5 12.Bc4 Nxc3 13.bxc3 Rac8 14.Bb3 b5 15.Bg5 Rfe8
16.Bh4 Na5 17.Ne5 Bxe5 18.Rxe5 Rxc3 19.Qe1 Nxb3 20.axb3 Rxb3 21.Bxe7 Qxd4
22.h3 Qxa1 23.Qxa1 Rb1+ 24.Qxb1 Bxb1 25.Rxb5 Rxe7 26.Rxb1 Kf8 27.Ra1 Ke8
28.Kh2 Kd8 29.Kg3 Kc8 30.Kf4 h6 31.g4 Kb8 32.h4 Re6 33.f3 Kb7 34.h5 Rf6+
35.Ke4 Re6+ 36.Kf4 a6 37.hxg6 fxg6 38.Rh1 g5+ 39.Kf5 Rc6 40.Rb1+ Kc7 41.Ra1 Rb6
42.Ra2 Rd6 43.Ra1 Kb6 44.Rb1+ Kc5 45.Ra1 Kb4  1/2-1/2

[Event "Chinese Teams 2013"]
[Site "Tianjin CHN"]
[Date "2013.12.23"]
[Round "21.2"]
[White "Motylev,A"]
[Black "Mu Ke"]
[Result "1-0"]
[WhiteElo "2645"]
[BlackElo "2302"]

1.e4 e5 2.Nf3 Nc6 3.Bb5 Nf6 4.d3 Bc5 5.Bxc6 dxc6 6.Nc3 Nd7 7.Be3 Bd6 8.Ne2 f6
9.Nd2 Nf8 10.f4 Bg4 11.f5 Qe7 12.Nb3 a5 13.a4 Nd7 14.Qd2 Bxe2 15.Qxe2 b6
16.Qf2 Qf7 17.O-O g5 18.Nd2 O-O-O 19.Nc4 Qe7 20.c3 c5 21.Qc2 Nb8 22.b4 axb4
23.cxb4 Nc6 24.b5 Nb4 25.Qb3 Kb7 26.a5 Ra8 27.axb6 cxb6 28.Nxb6 Kxb6 29.Qxb4 Ra7
30.Rfb1 Rb8 31.Qc4  1-0

[Event "Vladimir Dvorkovich Mem 2014"]
[Site "Taganrog RUS"]
[Date "2014.01.18"]
[Round "1.3"]
[White "Motylev,A"]
[Black "Golubov,Saveliy"]
[Result "1-0"]
[WhiteElo "2654"]
[BlackElo "2307"]

1.e4 e6 2.d4 d5 3.Nc3 Bb4 4.e5 c5 5.a3 Bxc3+ 6.bxc3 Ne7 7.Qg4 O-O 8.Bd3 Nbc6
9.Qh5 Ng6 10.Nf3 Qc7 11.Be3 c4 12.Bxg6 fxg6 13.Qg4 Bd7 14.h4 Rf5 15.Ng5 Raf8
16.Qe2 h6 17.Nh3 Ne7 18.g3 Qa5 19.Kd2 Qc7 20.f4 Be8 21.g4 R5f7 22.Raf1 Nc8
23.Qg2 Ne7 24.f5 exf5 25.g5 f4 26.Nxf4 Qc6 27.h5 gxh5 28.gxh6 g6 29.Qg5 Kh8
30.e6 Rh7 31.Nxg6+ Nxg6 32.Rxf8+ Nxf8 33.Qf6+ Kg8 34.Rg1+  1-0

[Event "Vladimir Dvorkovich Mem 2014"]
[Site "Taganrog RUS"]
[Date "2014.01.19"]
[Round "2.2"]
[White "Tunik,G"]
[Black "Motylev,A"]
[Result "1-0"]
[WhiteElo "2420"]
[BlackElo "2654"]

1.d4 f5 2.g3 Nf6 3.Bg2 g6 4.Nf3 Bg7 5.O-O O-O 6.c4 d6 7.Nc3 c6 8.b3 a6 9.Rb1 b5
10.a3 Kh8 11.d5 Qa5 12.dxc6 bxc4 13.b4 Qc7 14.b5 Qa5 15.c7 Qxc3 16.Nd4 d5
17.Bb2 Qa5 18.cxb8=Q Rxb8 19.Nc6 Qb6 20.Bd4 Qb7 21.Nxb8 axb5 22.Bxf6 Bxf6
23.Qxd5 Qxb8 24.Rxb5 Qc7 25.Rc5 Qa7 26.Qxc4 Ba6 27.Ra5 Qxf2+ 28.Kxf2 Bxc4
29.Rc1 Be6 30.Ra8 Rxa8 31.Bxa8 Bb2 32.Rc6 Bb3 33.Rc8+ Kg7 34.Rb8  1-0

[Event "Vladimir Dvorkovich Mem 2014"]
[Site "Taganrog RUS"]
[Date "2014.01.20"]
[Round "3.14"]
[White "Motylev,A"]
[Black "Iliushkin,E"]
[Result "1-0"]
[WhiteElo "2654"]
[BlackElo "2302"]

1.e4 c5 2.Nf3 e6 3.d4 cxd4 4.Nxd4 a6 5.Bd3 Nc6 6.Nxc6 dxc6 7.O-O e5 8.Nd2 Nf6
9.Nc4 Bg4 10.Qe1 Nd7 11.f4 Be6 12.Kh1 Be7 13.Qg3 O-O 14.f5 Bxc4 15.Bxc4 b5
16.Be2 Kh8 17.Be3 Qc7 18.Qf3 Rfd8 19.g4 f6 20.h4 c5 21.c4 Qb7 22.g5 Nb8 23.Rg1 Nc6
24.Qh5 Bf8 25.gxf6 Nd4 26.Bxd4 cxd4 27.cxb5 axb5 28.fxg7+ Bxg7 29.Bd3 Rg8
30.Rg6 Ra6 31.Rag1 Rxg6 32.fxg6 h6 33.Rf1 Qd7 34.Kh2 Re8 35.Rf7 Qc6 36.Qf5 Rg8
37.Rxg7 Rxg7 38.Qf8+  1-0

[Event "Vladimir Dvorkovich Mem 2014"]
[Site "Taganrog RUS"]
[Date "2014.01.21"]
[Round "4.9"]
[White "Kotenko,P"]
[Black "Motylev,A"]
[Result "0-1"]
[WhiteElo "2353"]
[BlackElo "2654"]

1.e4 c5 2.Nf3 d6 3.d4 cxd4 4.Nxd4 Nf6 5.f3 e5 6.Nb3 Be6 7.c4 Nbd7 8.Nc3 Rc8
9.Nd5 Nb6 10.Nd2 Nh5 11.g3 g6 12.Bd3 Bg7 13.b3 O-O 14.Nf1 Bxd5 15.cxd5 Nxd5
16.Bb2 Qa5+ 17.Kf2 Nb4 18.Ne3 Qb6 19.Bb1 d5 20.a3 Bh6 21.Re1 Bxe3+ 22.Rxe3 d4
23.Re2 d3+ 24.Re3 Nc2 25.Qxd3 Rfd8 26.Bxc2 Rxd3 27.Bxd3 Nf4  0-1